LIBRARY & INFORMATION CENTRE, KCAET, TAVANUR

ONLINE PUBLIC ACCESS CATALOGUE (OPAC)

Growing fruit and vegetables / (Record no. 10023)

MARC details
000 -LEADER
fixed length control field 00421cam a2200169ua 4500
020 ## - INTERNATIONAL STANDARD BOOK NUMBER
ISBN 0-85613-459-7
041 ## - LANGUAGE CODE
Language code of text/sound track or separate title eng
082 ## - DEWEY DECIMAL CLASSIFICATION NUMBER
Classification number 634
Item number MAR/GR
100 ## - MAIN ENTRY--AUTHOR NAME
Personal name Martyn , Hall T.
245 ## - TITLE STATEMENT
Title Growing fruit and vegetables /
260 ## - PUBLICATION, DISTRIBUTION, ETC. (IMPRINT)
Place of publication London :
Name of publisher Orbis publishing ,
Year of publication 1900.
300 ## - PHYSICAL DESCRIPTION
Number of Pages 176 ; .
500 ## - GENERAL NOTE
General note **Reference
942 ## - ADDED ENTRY ELEMENTS (KOHA)
Koha item type Books
Holdings
Withdrawn status Lost status Damaged status Home library Current library Date acquired Full call number Accession Number Koha item type
      KAUAET KAUAET 19/08/1986 634 15368 Reference
free website counter